|
|
|
|
| LEADER |
01395cam a2200301 7i4500 |
| 001 |
0000045983 |
| 005 |
20151023090000.0 |
| 022 |
|
|
|a 0034-0383
|
| 090 |
0 |
0 |
|a AP2
|b .R43
|
| 245 |
0 |
0 |
|a Reader's Digest.
|
| 260 |
|
|
|a Hong Kong:
|b Reader's Digest Association,
|c 2005-.
|
| 300 |
|
|
|a v.:
|b ill.;
|c 19 cm.
|
| 310 |
|
|
|a Monthly
|
| 500 |
|
|
|a Library has: Jun-Dec 2005; Jun-Sept 2007; Dec 2008; Jan-Dec 2009; Jan-Dec 2010; Jan-Dec 2011; Jan-Aug (Special Edition) 2012; June-Dec 2015; Jan-Dec 2016
|
| 650 |
0 |
0 |
|a American
|
| 999 |
|
|
|a SER0000585
|b SERIALS
|c SERIALS
|e 2nd Floor, Shah Alam
|
| 999 |
|
|
|a SER0000888
|b SERIALS
|c SERIALS
|e Serial Room, Bestrai Jaya
|
| 999 |
|
|
|a SER0000956
|b SERIALS
|c SERIALS
|e Serial Room, Bestrai Jaya
|
| 999 |
|
|
|a SER0001017
|b SERIALS
|c SERIALS
|e 2nd Floor, Shah Alam
|
| 999 |
|
|
|a SER0001092
|b SERIALS
|c SERIALS
|e 2nd Floor, Shah Alam
|
| 999 |
|
|
|a SER0001093
|b SERIALS
|c SERIALS
|e 2nd Floor, Shah Alam
|
| 999 |
|
|
|a SER0001181
|b SERIALS
|c SERIALS
|e Serial Room, Bestrai Jaya
|
| 999 |
|
|
|a SER0001182
|b SERIALS
|c SERIALS
|e Serial Room, Bestrai Jaya
|
| 999 |
|
|
|a SER0001239
|b SERIALS
|c SERIALS
|e Serial Room, Bestrai Jaya
|
| 999 |
|
|
|a SER0001240
|b SERIALS
|c SERIALS
|e Serial Room, Bestrai Jaya
|
| 999 |
|
|
|a SER0001310
|b SERIALS
|c SERIALS
|e 2nd Floor, Shah Alam
|
| 999 |
|
|
|a SER0001311
|b SERIALS
|c SERIALS
|e 2nd Floor, Shah Alam
|
| 999 |
|
|
|a SER0001333
|b SERIALS
|c SERIALS
|e Serial Room, Bestrai Jaya
|